| 000 | 00603nam a2200241Ia 4500 | ||
|---|---|---|---|
| 003 | IT-RoPAU | ||
| 008 | 120407s9999 xx 000 0 und d | ||
| 040 | _aIT-RoPAU | ||
| 040 | _cIT-RoPAU | ||
| 041 | _afra | ||
| 100 | _aHilarius | ||
| 100 | _csan't | ||
| 245 | _aSur Matthieu. (testo latino - francese) | ||
| 250 | _aParis | ||
| 260 | _aDu Cerf | ||
| 260 | _c1978 | ||
| 300 | _c19,5 cm | ||
| 490 | _aSources Chrétiennes | ||
| 490 | _v254258 | ||
| 600 | _a"1° p. 303 (Sources Chrétiennes, 254) 2° p.297 (Sources Chrétiennes, 258)" | ||
| 942 | _cBK | ||
| 999 |
_c13629 _d13629 |
||